| Поле | Название | Значение |
| |
Тип записи |
i |
| |
Библиографический уровень |
m |
| 001 |
Контрольный номер |
RU/IS/BASE/318081783 |
| 005 |
Дата корректировки |
20201206204713.5 |
| 010 |
Индекс ISBN |
__ |
| d |
Цена |
150-00 |
| 101 |
Язык документа |
__ |
| a |
Язык текста |
rus |
| 200 |
Заглавие и сведения об ответственности |
1_ |
| a |
Заглавие |
Мизантроп |
| e |
Сведения, относящиеся к заглавию |
[аудиоспектакль : спектакль Московского театра драмы и комедии на Таганке] |
| f |
Первые сведения об ответственности |
Жан Батист Мольер ; [постановка Анатолия Эфроса ; авт. перевода: Михаил Донской ; исполн.: Валерий Золотухин и др. ; гл. ред. Леонид Сурис ; ред. Светлана Сидорова ; гл. программист Виталий Белобров] |
| b |
Общее обозначение материала |
Звукозапись |
| 210 |
Выходные данные |
__ |
| a |
Место издания |
М. |
| c |
Издательство |
ИДДК |
| c |
Издательство |
Бизнессофт |
| c |
Издательство |
Гостелерадиофонд |
| d |
Дата издания |
2007 |
| 215 |
Физическое описание |
__ |
| a |
Объем |
1 электрон. опт. диск (Audio CD) (2 ч. 09 мин.) |
| 225 |
Серия |
__ |
| a |
Серия |
Аудиоспектакль MP3 |
| 300 |
Общие примечания |
__ |
| a |
Общие примечания |
AudioCD ; mp3 ; Pentium 100 Mhz ; 16 Md RAM ; 4-x CD-ROM ; звуковая карта ; SVGA ; Windows 98/Me/XP/2000 |
| 323 |
Примечание о главных создателях, исполнителях, участниках |
__ |
| a |
Примечание о главных создателях, исполнителях, участниках |
Золотухин, В. (Альцест) |
| a |
Примечание о главных создателях, исполнителях, участниках |
Дьяченко, Б. (Филинт, его друг) |
| a |
Примечание о главных создателях, исполнителях, участниках |
Смирнов, Ю. (Оронт) |
| a |
Примечание о главных создателях, исполнителях, участниках |
Яковлева, О. (Селимена) |
| a |
Примечание о главных создателях, исполнителях, участниках |
Селютина, Л. (Элианта, ее кузина) |
| a |
Примечание о главных создателях, исполнителях, участниках |
Ульянова, И. (Арсиноя, подруга Селимены) |
| a |
Примечание о главных создателях, исполнителях, участниках |
Петров, И. (Акаст) |
| a |
Примечание о главных создателях, исполнителях, участниках |
Шуляковский, В. (Клитандр) |
| a |
Примечание о главных создателях, исполнителях, участниках |
Хвостов, Б. (Пристав Маршальского суда) |
| 330 |
Аннотация |
__ |
| a |
Аннотация |
Действие пьесы происходит в Париже, в доме Селимены, возлюбленной Альцеста, аристократа со строгими жизненными принципами, уставшего от мира, от слов и от людей. Он ненавидит высшее общество, считая его лживым и лицемерным. Одинокий и отвергнутый "светом", Альцест мучительно влюблен в само его воплощение - ветреную Селимену, известную своими безудержным кокетством и злословием. Но юная избалованная Селимена, которая принимает его любовь и тоже по-своему любит Альцеста, не готова ради него бросить свет и отречься от общества. |
| 333 |
Примечание о целевом назначении |
__ |
| a |
Примечание о целевом назначении |
16+. Для детей старше 16 лет |
| 600 |
Персоналии |
__ |
| a |
Персоналии (Фамилия) |
Мольер |
| f |
Даты |
1622-1673 |
| g |
Полное имя |
Поклен, Ж. Б. |
| 605 |
Заглавие как предмет |
__ |
| a |
Заглавие |
Тартюф /пьеса/ |
| 605 |
Заглавие как предмет |
__ |
| a |
Заглавие |
Дон Жуан /пьеса/ |
| 605 |
Заглавие как предмет |
__ |
| a |
Заглавие |
Мизантроп /пьеса/ |
| 606 |
Тематические рубрики |
__ |
| a |
Основная рубрика |
Музыка и зрелищные искусства |
| 606 |
Тематические рубрики |
__ |
| a |
Основная рубрика |
Художественное радиовещание |
| 606 |
Тематические рубрики |
__ |
| a |
Основная рубрика |
Литературоведение |
| 606 |
Тематические рубрики |
__ |
| a |
Основная рубрика |
Литература Европы |
| 610 |
Ключевые слова |
__ |
| a |
Ключевые слова |
французская литература; радиоспектакли; тема человека; тема общества; иностранная литература; зарубежная литература; классическая литература; комедии; пьесы; драматургия; драматурги; персоналии; биографии; биографические материалы; творческая деятельность; литературная деятельность; литературное творчество; литературная критика; тема светской жизни; тема любви |
| 686 |
Индексы других классификаций |
__ |
| a |
Классификационный индекс |
85.38я04 |
| 686 |
Индексы других классификаций |
__ |
| a |
Классификационный индекс |
83.3(4Фра)-8я04 |
| 700 |
Автор |
_0 |
| a |
Фамилия |
Мольер |
| c |
Титул (звания) |
Поклен, Ж. Б. |
| 4 |
Код отношения |
070 |
| 702 |
Вторичная интеллектуальная ответственность |
_1 |
| a |
Фамилия |
Эфрос |
| b |
Имя |
А. |
| 4 |
Код отношения |
Постановка |
| g |
Полное личное имя |
Анатолий |
| 702 |
Вторичная интеллектуальная ответственность |
_1 |
| a |
Фамилия |
Донской |
| b |
Имя |
М. |
| 4 |
Код отношения |
Переводчик |
| g |
Полное личное имя |
Михаил |
| 702 |
Вторичная интеллектуальная ответственность |
_1 |
| a |
Фамилия |
Сурис |
| b |
Имя |
Л. |
| 4 |
Код отношения |
Главный Редактор |
| g |
Полное личное имя |
Леонид |
| 702 |
Вторичная интеллектуальная ответственность |
_1 |
| a |
Фамилия |
Сидорова |
| b |
Имя |
С. |
| 4 |
Код отношения |
Редактор |
| g |
Полное личное имя |
Светлана |
| 702 |
Вторичная интеллектуальная ответственность |
_1 |
| a |
Фамилия |
Белобров |
| b |
Имя |
В. |
| 4 |
Код отношения |
Главный программист |
| g |
Полное личное имя |
Виталий |
| 801 |
Источник записи |
_0 |
| a |
Страна |
RU |
| b |
Организация |
Муниципальное бюджетное учреждение культуры "Централизованная библиотечная система" г. Сургут (Центральная городская библиотека им. А. С. Пушкина) |
| g |
Правила каталогизации |
КиК/Лукашук |
| 801 |
Источник записи |
_1 |
| a |
Страна |
RU |
| b |
Организация |
Муниципальное бюджетное учреждение культуры "Централизованная библиотечная система" г. Сургут (Центральная городская библиотека им. А. С. Пушкина) |
| g |
Правила каталогизации |
КиК/Лукашук |
| 852 |
Данные о местонахождении |
__ |
| j |
Шифр хранения |
85.38я04 |
| c |
Каталожный индекс |
85.38я04; 83.3(4Фра)-8я04 |
| i |
Авторский знак |
М 76 |
| 901 |
Тип документа |
__ |
| t |
Тип документа |
0 |
| 903 |
Характеристики (МАРС) |
__ |
| a |
Дата передачи |
20100205 |
| 969 |
Тип издания |
__ |
| a |
Тип издания |
аудиоспектакль; аудиокнига |
| 990 |
Данные о заказе (DOS) |
__ |
| j |
Количество экземпляров (DOS) |
2 |
| h |
N записи в КСУ для Б/У (DOS) |
201002 |